000 00434nam a2200169Ia 4500
008 180921t2016 xxu||||| |||| 00| 0 sin d
041 _asin
080 _a8-31
_bSIL
245 _aවාල්මිකී රාමායණය
246 _aValmiki Ramayanaya
260 _bGodage
_aColombo
_c2016
300 _a428p, 22cm
700 _aSilva,W.A.
_etr.
942 _cBK
999 _c12168
_d12168
003 LK-CoDNM
040 _aLK-CoDNM
_dLK-CoDNM
_eLK-CoDNM